Dress - Taylor Swift (All Lyrics) - Statistics

General Stats
  • This quiz has been taken 615 times
  • The average score is 446 of 513
Answer Stats
Lyrics % Correct
I
99%
you
99%
you,
99%
You
99%
a
98%
of
98%
on
98%
an
97%
and
97%
And
97%
dress
97%
in
97%
me
96%
me,
96%
this
96%
this,
96%
it
95%
My
95%
my
95%
so
95%
take
95%
Take
95%
the
95%
when
95%
could
94%
off
94%
off,
94%
off)
94%
Only
94%
only,
94%
(Only
94%
best
93%
bought
93%
ha,
93%
ha
93%
Ha
93%
want
93%
your
93%
Your
93%
don't
92%
like
92%
friend
91%
just
91%
no
91%
everything
89%
name
89%
Say
88%
stops
88%
All
86%
all
86%
hands
84%
They
84%
they
84%
about
83%
ah,
82%
ah
82%
room
82%
tattoo
82%
are
81%
even
81%
Even
81%
from
81%
golden
81%
got
81%
is
81%
to
81%
idea
80%
mark
80%
Our
80%
see
80%
shape
80%
There
80%
time
80%
worst
80%
crowded
79%
back
78%
by
78%
hands
78%
secret
78%
shakin'
78%
Flashback
77%
hair
77%
met
77%
into
76%
moments
76%
side
76%
buzzcut
75%
up
75%
'Cause
74%
holdin'
73%
silence
73%
we
73%
bleached
72%
can't
72%
one
72%
saw
72%
woke
72%
anticipation
71%
times
71%
truth
71%
wake
71%
Made
70%
made
70%
Now
70%
mistakes
69%
waitin'
69%
But
68%
Carve
68%
patience,
68%
earthquakes
67%
I'm
67%
know
67%
not
67%
were
67%
we're
67%
bedpost
66%
indentation
65%
lifeline
65%
at
64%
us
64%
that
63%
nothin'
62%
rebounds,
62%
if
61%
kiss
61%
explain
60%
drunk
59%
least
59%
both
58%
get
57%
pinin
57%
shake,
57%
face
56%
lies
56%
electrified
55%
Everyone
55%
thinks
55%
desperately
54%
try
54%
bathtub
53%
burned,
53%
gonna
53%
wine
49%
pining
48%
spillin'
45%
Inescapable,
39%
No matching quizzes found
Score Distribution
Percent of People with Each Score
Percentile by Number Answered
Your Score History
You have not taken this quiz